1597 1632 1949 1641 1874 1414 1093 1244 1717 1963 1612 1771 1836 1008 1956 1508 1859 1911 1282 1237 1617 1264 1616 1555 1323 1841 1269 1858 1059 1506 1714 1567 1153 1379 1029 1592 1268 1356 1365 1217 1428 1623 1670 1802 1346 1744 1322 1632 1788 1912 1627 1463 1360 1780 1730 1412 1055 1855 1516 1454 1965 1922 1508 1763 1563 1112 1178 1085 1394 1263 1862 1280 1711 1642 1791 1088 1293 1042 1562 1097 1480 1315 1785 1197 1264 1301 1135 1043 1717 1072 1781 1263 1170 1875 1111 1858 1181 1251 1572 BCNSPRNW ULIB Ver.6.0+V

เปลี่ยนเป็นภาษาไทย

Change to English
 แสดงรายละเอียดบรรณานุกรม
  กลับหน้าหลัก

Brief Record : Get Marc (ISO 2709) : E-mail record : QR code < ปิดหน้าต่าง
LEADER : 00000nas 2200000uu 4500
001    13399124231
003     ULIB
008    020711s|||| th a 000 0 tha d
022    08588899
110    สำนักงานป้องกันควบคุมโรคที่ 7
245    วารสารสำนักงานป้องกันควบคุมโรคที่ 7 ขอนแก่น/^cสำนักงานป้องกันควบคุมโรคที่ 7
260    ขอนแก่น :^bสำนักงานป้องกันควบคุมโรคที่ 6,^cม.ป.ป.
310    ^aราย 6 เดือน
700    ขอนแก่น
850 ^a ULIB:campus^bปีที่ 21 ฉบับที่ 2 ฉ.1 ;ปีที่ 22 ฉบับที่ 1 ฉ.1 ;ปีที่ 22 ฉบับที่ 1 ฉ.1 ;ปีที่ 22 ฉบับที่ 2 ฉ.1 ;ปีที่ 23 ฉบับที่ 1 ฉ.1 ;ปีที่ 23 ฉบับที่ 2 ฉ.1
945    ^p0^l0^i801161
945    ^p0^l0^i801365
945    ^p0^l0^i801454
945    ^p0^l0^i801711
945    ^p0^l0^i801712
945    ^p0^l0^i801809
999    ^aกัณชพร
รายการนี้ยังไม่มีแท็ก
คุณยังไม่ได้ล็อกอิน คุณสามารถมีกิจกรรมร่วมกับเว็บไซต์ได้ แต่ต้องล็อกอินก่อน ::
  ล็อกอิน

รายการสื่อสารสนเทศ (วารสาร)

ดูแบบ: กล่อง รายการ
ARRIVED
ปีที่ 21 ฉบับที่ 2 ฉ.1
สถานที่: ห้องสมุดวิทยาเขตนครสวรรค์ >วารสาร
ARRIVED
ปีที่ 22 ฉบับที่ 1 ฉ.1
สถานที่: ห้องสมุดวิทยาเขตนครสวรรค์ >วารสาร
ARRIVED
ปีที่ 22 ฉบับที่ 2 ฉ.1
สถานที่: ห้องสมุดวิทยาเขตนครสวรรค์ >วารสาร
ARRIVED
ปีที่ 23 ฉบับที่ 1 ฉ.1
สถานที่: ห้องสมุดวิทยาเขตนครสวรรค์ >วารสาร
ARRIVED
ปีที่ 23 ฉบับที่ 2 ฉ.1
สถานที่: ห้องสมุดวิทยาเขตนครสวรรค์ >วารสาร

BibComment


ยังไม่เคยถูกคอมเมนท์

คอมเมนท์ทรัพยากรรายการนี้
  คอมเมนท์: วารสารสำนักงานป้อ..


 Copyright 2026. Bcnsprnw @Library